000
00287nam a2200109Ia 4500
008
170620s9999 xx 000 0 und d
020
_a
978-81-89928-28-5
100
_a
SHARMA-A K
245
0
_a
FUNDAMENTALS OF COMPUTER & PROGRAMMING WITH C
260
_b
DHANPAT RAI PUB N DELHI
260
_c
2013
546
_a
ENGLISH
999
_c
29971
_d
29971